Name these Premier League footballers #3 - Statistics

General Stats
  • This quiz has been taken 23 times
  • The average score is 11 of 15
Answer Stats
Picture Hint Answer % Correct
England Joe Hart
100%
Ivory Coast Didier Drogba
96%
Netherlands Memphis Depay
91%
Ukraine Andriy Shevchenko
87%
Colombia Radamel Falcao
87%
Ireland Robbie Keane
87%
Croatia Mateo Kovacic
78%
Montenegro Stefan Savic
78%
Jamaica Wes Morgan
78%
South Korea Park Ji-Sung
74%
Burkina Faso Bertrand Traore
65%
Poland Lukasz Fabianski
65%
Paraguay Miguel Almiron
61%
Congo Yannick Bolasie
61%
Benin Rudy Gestede
26%
No matching quizzes found
Score Distribution
Percent of People with Each Score
Percentile by Number Answered
Your Score History
You have not taken this quiz